000 01533cam a22004097a 4500
003 CHAP
005 20220817041147.0
008 971013s1992 r 00010 d
010 _a7670
011 _a8642
022 _a0185-3384
035 _a7871
040 _cCHAP
090 _aFolleto 14086
100 0 0 _aAlvarez-Buylla, Elena R.
_95019
245 1 0 _aModelos de dinámica de parches en selvas tropicales
_c/por Elena R. Alvarez-Buylla y Raúl García-Barrios
260 _aMéxico, D.F. :
_bCentro de Investigación y Docencia Económicas,
_c1992.
300 _a17 p.
410 2 _aCentro de Investigación y Docencia Económicas
490 0 _aDocumento de trabajo. Economía
_v; 9
590 _aBATCH-UPD
_b10
_c20130110
_lUCH01
_h0049
590 _aBATCH-UPD
_b10
_c20130110
_lUCH01
_h1652
590 _aBATCH-UPD
_b10
_c20130409
_lUCH01
_h2036
590 _aBATCH-UPD
_b10
_c20130410
_lUCH01
_h1041
590 _aBATCH-UPD
_b10
_c20130914
_lUCH01
_h0707
590 _aCONVERSION
_b10
_c20130109
_lUCH01
_h1305
650 1 4 _aBosques
_xTrópicos.
_914401
650 1 4 _aSelvas
_xTrópicos.
_9103829
700 0 2 _aGarcía Barrios, Raúl.
810 _aCentro de Investigación y Docencia Económicas
_921155
830 0 _aDocumento de trabajo. Economía
_v; 9
901 _aBK
942 _cFOLL
949 _aFolleto 14086
_bBC
_cFOLL
_d-17777
_eTS1
_gI. c/e
_i7871
_sb
_t8.00
949 _aFolleto 14086
_bBC
_cFOLL
_d-18080
_eTS2
_fc.2
_gI. c/e
_i7871
_sb
_t8.00
949 _aFolleto 14086
_bBC
_cFOLL
_d78711
_eTS2
_fc.3
_i7871
_kDonaciØn
_sb
999 _c7670
_d7670